| Tag |
First Indicator |
Second Indicator |
Subfields |
| LEADER |
00000cam a2200000 i 4500 |
| 001 |
in00003340407 |
| 005 |
20191125140553.0 |
| 008 |
130821t20132013nyua b 001 0 eng |
| 010 |
|
|
|a 2013034162
|
| 035 |
|
|
|a (OCoLC)ocn846541643
|
| 040 |
|
|
|a DLC
|e rda
|c DLC
|
| 020 |
|
|
|a 9781938922220
|
| 020 |
|
|
|a 1938922220
|
| 050 |
0 |
0 |
|a NC999.6.C2
|b B36 2013
|
| 082 |
0 |
0 |
|a 741.6092
|2 23
|
| 049 |
|
|
|a TXAM
|
| 100 |
1 |
|
|a Bantjes, Marian,
|e author.
|
| 245 |
1 |
0 |
|a Marian Bantjes :
|b pretty pictures /
|c [foreword by Rick Poynor].
|
| 246 |
3 |
0 |
|a Pretty pictures
|
| 264 |
|
1 |
|a New York :
|b Metropolis Books,
|c 2013.
|
| 264 |
|
4 |
|c ©2013.
|
| 300 |
|
|
|a x, 260 pages :
|b illustrations (chiefly color) ;
|c 36 cm.
|
| 336 |
|
|
|a text
|2 rdacontent
|b txt
|
| 336 |
|
|
|a still image
|2 rdacontent
|b sti
|
| 337 |
|
|
|a unmediated
|2 rdamedia
|
| 338 |
|
|
|a volume
|2 rdacarrier
|
| 504 |
|
|
|a Includes bibliographical references (page 259) and index.
|
| 600 |
1 |
0 |
|a Bantjes, Marian
|x Written works.
|
| 600 |
1 |
0 |
|a Bantjes, Marian
|x Themes, motives.
|
| 700 |
1 |
|
|a Poynor, Rick,
|e writer of supplementary textual content.
|
| 700 |
1 |
2 |
|a Bantjes, Marian.
|t Works.
|k Selections.
|
| 945 |
|
|
|a PromptCat
|b 524033
|
| 946 |
|
|
|a stk
|
| 947 |
|
|
|a A14839895251
|
| 948 |
|
|
|a cataloged
|b h
|c 2013/11/8
|d c
|e dmitchel
|f 1:50:30 pm
|
| 994 |
|
|
|a 92
|b TXA
|
| 999 |
f |
f |
|s fa5f7f6b-f910-3d54-a694-66f0296615a6
|i 4ea0cfc7-0de7-3193-ae5d-2733d0d1e148
|t 0
|
| 952 |
f |
f |
|p normal
|a Texas A&M University
|b College Station
|c Sterling C. Evans Library
|d Evans: Library Stacks
|t 0
|e NC999.6.C2 B36 2013
|f Oversize
|h Library of Congress classification
|i unspecified -- unspecified
|m A14839895251
|
| 998 |
f |
f |
|a NC999.6.C2 B36 2013
|t 0
|l Evans: Library Stacks
|